ბათუმის შოთა რუსთაველის სახელმწიფო უნივერსიტეტის ბიბლიოთეკა

ფინანსური მათემატიკა, ალბათობა, სტატისტიკა : (ბიბ.ჩანაწერი № 54990)

000 -ლიდერი
ფიქსირებული სიგრძის საკონტროლო ველი 01743nam a2200325Ia 4500
001 - საკონტროლო ნომერი
საკონტროლო ველი 22061
003 - საკონტროლო ნომრის იდენტიფიკატორი
საკონტროლო ველი GE_BSU
005 - ბოლო ოპერაციის თარიღი და დრო
საკონტროლო ველი 20221007173150.0
008 - ფიქსირებული სიგრძის მონაცემთა ელემენტები - ზოგადი ინფორმაცია
ფიქსირებული სიგრძის საკონტროლო ველი 181216s ||||ge |||||||||||||| ||geo||
020 ## - წიგნის საერთაშორისო სტანდარტული ნომერი
International Standard Book Number 9789941176005
040 ## - კატალოგიზაციის წყარო
Transcribing agency GE_BSU
041 ## - ენის კოდი
Language code of text/sound track or separate title geo
080 ## - უნივერსალური ათობითი კლასიფიკაციის ინდექსი
Universal Decimal Classification number 51-77 : 519.86(042.4) დ-79
100 ## - მთავარი ჩანაწერი - პიროვნების სახელი
Personal name დოჭვირი, ბესარიონ
9 (RLIN) 15168
245 ## - ცნობა სათაურის შესახებ
Title ფინანსური მათემატიკა, ალბათობა, სტატისტიკა :
Remainder of title საწყისები [ლექციების მოკლე კურსი] /
Statement of responsibility, etc ბესარიონ დოჭვირი ; რედ. : ელიზბარ ნადარაია, ო. ღლონტი.
264 ## - წარმოების, გამოცემის, დისტრიბუციის და სხვა ცნობები
გამოცემის, წარმოების, დისტრიბუციის... ადგილი თბილისი :
გამოცემის, წარმოების, დისტრიბუციის... სახელწოდება თბილ. უნ-ტის გამ-ბა,
გამოცემის, წარმოების, დისტრიბუციის... თარიღი 2012.
300 ## - ფიზიკური აღწერა
Extent 255 გვ. :
Other physical details ცხრ., ნახ. ;
Dimensions 25 სმ.
504 ## - BIBLIOGRAPHY, ETC. NOTE
Bibliography, etc ბიბლიოგრაფია გვ. 254
653 ## - INDEX TERM--UNCONTROLLED
Uncontrolled term მათემატიკა
653 ## - INDEX TERM--UNCONTROLLED
Uncontrolled term ფინანსური მათემატიკა
653 ## - INDEX TERM--UNCONTROLLED
Uncontrolled term ალბათობა
653 ## - INDEX TERM--UNCONTROLLED
Uncontrolled term სტატისტიკა
653 ## - INDEX TERM--UNCONTROLLED
Uncontrolled term მათემატიკური სტატისტიკა
653 ## - INDEX TERM--UNCONTROLLED
Uncontrolled term ალბათობის თეორია
700 ## - ADDED ENTRY--PERSONAL NAME
Personal name ნადარაია, ელიზბარ
Relator term რედაქტორი
9 (RLIN) 15169
700 ## - ADDED ENTRY--PERSONAL NAME
Personal name ღლონტი, ო.
Relator term რედაქტორი
9 (RLIN) 15170
710 ## - ADDED ENTRY--CORPORATE NAME
Corporate name or jurisdiction name as entry element თბილისის ივანე ჯავახიშვილის სახელობის სახელმწიფო უნივერსიტეტი
9 (RLIN) 9399
942 ## - ADDED ENTRY ELEMENTS (KOHA)
Koha item type წიგნი
Source of classification or shelving scheme
ეგზემპლარები
ჩამოწერის სტატუსი დაკარგული ეგზემპლარის სტატუსი კლასიფიკაციის წყარო ან თაროზე გაწყობის სქემა დაზიანების სტატუსი არ გაიცემა მუდმივი მდებარეობა (დაცვის ადგილი) ამჟამინდელი ადგილსამყოფელი თაროზე განთავსების ადგილი შეძენის თარიღი ღირებულება, შესყიდვის ნორმალური ფასი სრული შენახვის შიფრი შტრიხკოდი ბოლო ოპერაციის თარიღი ეგზემპლარის მიმდევრობითი ნომერი (კეტერი?) ფასის ძალაში შესვლის თარიღი ეგზემპლარის სახეობა საჯარო შენიშვნა
          ბათუმის შოთა რუსთაველის სახელმწიფო უნივერსიტეტის მთავარი ბიბლიოთეკა ბათუმის შოთა რუსთაველის სახელმწიფო უნივერსიტეტის მთავარი ბიბლიოთეკა წიგნსაცავი 2018-12-17 9.20 51-77 : 519.86(042.4) დ-79 56843 2018-12-17 56843 2018-12-17 წიგნი 9.20 ₾.
          ბათუმის შოთა რუსთაველის სახელმწიფო უნივერსიტეტის მთავარი ბიბლიოთეკა ბათუმის შოთა რუსთაველის სახელმწიფო უნივერსიტეტის მთავარი ბიბლიოთეკა წიგნსაცავი 2018-12-17 9.20 51-77 : 519.86(042.4) დ-79 56844 2018-12-17 56844 2018-12-17 წიგნი 9.20 ₾.
          ბათუმის შოთა რუსთაველის სახელმწიფო უნივერსიტეტის მთავარი ბიბლიოთეკა ბათუმის შოთა რუსთაველის სახელმწიფო უნივერსიტეტის მთავარი ბიბლიოთეკა წიგნსაცავი 2018-12-17 9.20 51-77 : 519.86(042.4) დ-79 56845 2018-12-17 56845 2018-12-17 წიგნი 9.20 ₾.
          ბათუმის შოთა რუსთაველის სახელმწიფო უნივერსიტეტის მთავარი ბიბლიოთეკა ბათუმის შოთა რუსთაველის სახელმწიფო უნივერსიტეტის მთავარი ბიბლიოთეკა წიგნსაცავი 2018-12-17 9.20 51-77 : 519.86(042.4) დ-79 56846 2018-12-17 56846 2018-12-17 წიგნი 9.20 ₾.
          ბათუმის შოთა რუსთაველის სახელმწიფო უნივერსიტეტის მთავარი ბიბლიოთეკა ბათუმის შოთა რუსთაველის სახელმწიფო უნივერსიტეტის მთავარი ბიბლიოთეკა წიგნსაცავი 2018-12-17 9.20 51-77 : 519.86(042.4) დ-79 56847 2018-12-17 56847 2018-12-17 წიგნი 9.20 ₾.
          ბათუმის შოთა რუსთაველის სახელმწიფო უნივერსიტეტის მთავარი ბიბლიოთეკა ბათუმის შოთა რუსთაველის სახელმწიფო უნივერსიტეტის მთავარი ბიბლიოთეკა წიგნსაცავი 2018-12-17 9.20 51-77 : 519.86(042.4) დ-79 56848 2018-12-17 56848 2018-12-17 წიგნი 9.20 ₾.
          ბათუმის შოთა რუსთაველის სახელმწიფო უნივერსიტეტის მთავარი ბიბლიოთეკა ბათუმის შოთა რუსთაველის სახელმწიფო უნივერსიტეტის მთავარი ბიბლიოთეკა წიგნსაცავი 2018-12-17 9.20 51-77 : 519.86(042.4) დ-79 56849 2018-12-17 56849 2018-12-17 წიგნი 9.20 ₾.
          ბათუმის შოთა რუსთაველის სახელმწიფო უნივერსიტეტის მთავარი ბიბლიოთეკა ბათუმის შოთა რუსთაველის სახელმწიფო უნივერსიტეტის მთავარი ბიბლიოთეკა წიგნსაცავი 2018-12-17 9.20 51-77 : 519.86(042.4) დ-79 56850 2018-12-17 56850 2018-12-17 წიგნი 9.20 ₾.